| 000 | 00999nam a22002535i 4500 | ||
|---|---|---|---|
| 001 | 169212 | ||
| 003 | ES-MaACL | ||
| 005 | 20230906214029.0 | ||
| 008 | 080822s2004 sp |||| | cat d | ||
| 020 | _a84-7664-844-8 | ||
| 080 | _a791.43-92(049.3) | ||
| 245 | 0 | 1 |
_a"Ficcions" documentals _b: del 10 de març al 27 de juny de 2004, CaixaForum Barcelona / _cexhibició produïda i organitzada per la Fundació "La Caixa" ; [autors dels textos, Emmanuel Burdeau, Jean-Pierre Rehm, Hito Steyerl]. |
| 260 |
_aBarcelona : _bFundació "La Caixa", _c2004. |
||
| 300 |
_a155 p. : _bil. col. ; _c21 cm. |
||
| 546 | _aTexto en catalán, castellano e inglés. | ||
| 650 | 1 | 4 |
_aDocumentales- _vCríticas. _9138286 |
| 700 | 1 |
_aBurdeau, Emmanuel. _9138287 |
|
| 700 | 1 |
_aRehm, Jean-Pierre. _9138288 |
|
| 700 | 1 |
_aSteyerl, Hito. _9138289 |
|
| 710 | 2 |
_aFundació "la Caixa" _9173255 |
|
| 710 | 2 |
_aCaixaForum Barcelona. _9138290 |
|
| 852 |
_aES-MaACL _jL-29633 _9R.143096 |
||
| 999 |
_c169212 _d169212 |
||